000 00397nam a22001697a 4500
003 MACL
005 20160112161159.0
008 160112b xxu||||| |||| 00| 0 eng d
040 _cMACL
041 _aEnglish
082 _a001
100 _aArihant Expert Team
_931536
245 _aS.S.C.30Solved Papers
260 _aMeerut
_bArihant Publications
650 _aG.K.
_931537
942 _2ddc
_cBK
999 _c52076
_d52076